| 000 | 006650000a22002050004500 | ||
|---|---|---|---|
| 090 |
_aAR _b00628 |
||
| 245 | 1 | 0 | _aDistribución de la familia Bromeliaceae en dos vertientes andinas del sur de Colombia |
| 650 | 1 | 4 |
_aRiqueza de especies _93326 |
| 650 | 1 | 4 |
_aDistribución _992865 |
| 650 | 1 | 4 |
_aTaxonomía vegetal _992262 |
| 651 | 4 |
_lCordillera de los Andes _pColombia _992749 |
|
| 653 |
_fBromeliaceae _gGuzmania |
||
| 653 |
_fBromeliaceae _gPitcarnia |
||
| 653 |
_fBromeliaceae _gTillandsia |
||
| 041 | 0 | _aEspañol | |
| 700 | 1 |
_aJaramillo, M. Alejandra _918239 |
|
| 100 | 1 |
_aBetancur, Julio _94620 |
|
| 942 | _cARTICULO | ||
| 773 | 1 |
_tSelbyana _3247 _h1 _q52-65 _d1998 _g19 |
|
| 999 |
_c9720 _d9720 |
||